[Event "Cambridge Int Open 2023"]
[Site "Cambridge ENG"]
[Date "2023.02.16"]
[Round "4.16"]
[White "Weersing, Abigail Riis"]
[Black "Shafi, Declan"]
[Result "1/2-1/2"]
[WhiteElo "1827"]
[BlackElo "2201"]
[WhiteFideId "460036"]
[BlackFideId "2405156"]
[EventDate "2023.02.15"]

1. d4 Nf6 2. c4 g6 3. Nc3 d5 4. Nf3 Bg7 5. Qa4+ Nc6 6. Bg5 Ne4 7. cxd5 Nxc3 8.
bxc3 Qxd5 9. e3 O-O 10. Bc4 Qf5 11. O-O a6 12. Qd1 e5 13. Bh4 h6 14. Re1 e4 15.
Nd2 Be6 16. Bb3 Rae8 17. Bc2 Bc8 18. Bg3 Qa5 19. Nxe4 f5 20. Nc5 Kh7 21. Qd2 Re7
22. Nb3 Qd5 23. Bd1 Qf7 24. Bf3 g5 25. Nc5 Na5 26. Qd3 h5 27. h3 Kh8 28. Rab1 b6
29. Nb3 Nc4 30. Bxh5 Qxh5 31. Qxc4 g4 32. h4 Bf6 33. Kh2 f4 34. Bxf4 Qxh4+ 35.
Kg1 Rh7 36. Kf1 Qh1+ 37. Ke2 Qxg2 38. Nd2 Bf5 39. Rg1 Qb7 40. Rbe1 Rd8 41. Kd1
c5 42. Kc1 cxd4 43. exd4 Rc8 44. Qb4 a5 45. Qb3 Bxd4 46. Be5+ Bxe5 47. Rxe5 Rhc7
48. Rg3 Qh1+ 49. Kb2 Rd8 50. Nc4 Qb1+ 51. Ka3 Qc1+ 52. Qb2 Qxb2+ 53. Kxb2 Bc8
54. Ne3 Rd2+ 55. Kc1 Rxf2 56. Nxg4 Bxg4 57. Rxg4 1/2-1/2

[Event "Cambridge Int Open 2023"]
[Site "Cambridge ENG"]
[Date "2023.02.16"]
[Round "4.17"]
[White "Anand, Batsukh"]
[Black "Patel, Zain"]
[Result "1-0"]
[WhiteTitle "FM"]
[WhiteElo "2197"]
[BlackElo "1890"]
[WhiteFideId "4903510"]
[BlackFideId "469246"]
[EventDate "2023.02.15"]

1. Nf3 d5 2. g3 Nf6 3. Bg2 c6 4. O-O e6 5. b3 Be7 6. Bb2 O-O 7. c4 b6 8. Qc2 Bb7
9. Rd1 Na6 10. a3 h6 11. d3 Rc8 12. Nbd2 Qe8 13. Rac1 c5 14. cxd5 exd5 15. Bh3
Rd8 16. d4 Ne4 17. e3 f5 18. dxc5 bxc5 19. Bg2 Bf6 20. Bxf6 Rxf6 21. Qb2 Nc7 22.
Ne5 Qb5 23. Nxe4 fxe4 24. Bxe4 Rdf8 25. Bd3 c4 26. Rxc4 Rxf2 27. Rc2 Rxc2 28.
Qxc2 Qb6 29. Bh7+ Kh8 30. Ng6+ Kxh7 31. Nxf8+ Kg8 32. Ng6 Qxe3+ 33. Qf2 Qxb3 34.
Ne7+ 1-0

[Event "Cambridge Int Open 2023"]
[Site "Cambridge ENG"]
[Date "2023.02.16"]
[Round "4.18"]
[White "Brocklehurst, Andrew"]
[Black "Bonn, Thomas"]
[Result "0-1"]
[WhiteElo "1816"]
[BlackElo "2189"]
[WhiteFideId "424765"]
[BlackFideId "638242"]
[EventDate "2023.02.15"]

1. e4 c5 2. Nf3 d6 3. d4 cxd4 4. Nxd4 Nf6 5. Nc3 a6 6. Be3 e5 7. Nb3 Be6 8. Be2
Nbd7 9. O-O Be7 10. Qd2 b5 11. a3 O-O 12. Rad1 Rc8 13. Bg5 Re8 14. h3 Qc7 15.
Be3 Red8 16. f3 Nb6 17. Rc1 d5 18. Nxd5 Nbxd5 19. exd5 Nxd5 20. Kh1 h6 21. g3
Bxh3 22. Rf2 Nxe3 23. Qxe3 Be6 24. Rff1 Bg5 25. f4 exf4 26. gxf4 Bd5+ 27. Kg1
Bf6 28. Kh2 Bxb2 29. Rcd1 Qxc2 30. Nd4 Bxd4 31. Rxd4 Re8 0-1

[Event "Cambridge Int Open 2023"]
[Site "Cambridge ENG"]
[Date "2023.02.16"]
[Round "4.19"]
[White "Mihalik, Agoston"]
[Black "Gardiner, Eric D"]
[Result "1-0"]
[WhiteElo "2142"]
[BlackElo "1883"]
[WhiteFideId "719021"]
[BlackFideId "435880"]
[EventDate "2023.02.15"]

1. e4 e6 2. d4 d5 3. Nd2 Be7 4. e5 Nh6 5. Ndf3 c5 6. c3 cxd4 7. Nxd4 Nc6 8. Ngf3
f6 9. Bxh6 gxh6 10. Bb5 Bd7 11. exf6 Bxf6 12. Qe2 Qe7 13. O-O O-O 14. Rfe1 Rae8
15. Bxc6 bxc6 16. Ne5 Bxe5 17. Qxe5 Qf6 18. Nf3 c5 19. Qd6 Qe7 20. Qg3+ Qg7 21.
Ne5 Qxg3 22. hxg3 Bc8 23. f4 h5 24. Nf3 Kg7 25. Rad1 Bb7 26. Kf2 h6 27. Ke3 Rb8
28. b3 Bc6 29. Ne5 Be8 30. Kf3 a5 31. Nd3 c4 32. Nc5 Bf7 33. Nd7 cxb3 34. Nxf8
Kxf8 35. Rb1 a4 36. axb3 axb3 37. Rb2 Bg6 38. Rxe6 Kf7 39. Re5 Be4+ 40. Kf2 Kg6
41. Re6+ Kg7 42. Ra6 Bd3 43. Ra7+ Kg6 44. Ke3 Bc4 45. Kd4 Re8 46. Ra4 Rc8 47.
Rb4 Kf5 48. Rb6 Rh8 49. Rd6 Kg4 50. Rg6+ Kf5 51. Rg7 Re8 52. Rh7 Kg6 53. Rb7
Re4+ 54. Kc5 Re3 55. R2xb3 Bxb3 56. Rxb3 Rxg3 57. Kxd5 Rxg2 58. c4 Rc2 59. Rh3
Kf5 60. Rxh5+ Kxf4 61. Rxh6 Rd2+ 62. Kc6 Ke5 63. c5 Rc2 64. Rd6 1-0

[Event "Cambridge Int Open 2023"]
[Site "Cambridge ENG"]
[Date "2023.02.16"]
[Round "4.20"]
[White "Walker, Martin G"]
[Black "Britnell, Jonathan"]
[Result "1/2-1/2"]
[WhiteTitle "FM"]
[WhiteElo "2133"]
[BlackElo "1708"]
[WhiteFideId "410969"]
[BlackFideId "445932"]
[EventDate "2023.02.15"]

1. e4 e5 2. Nf3 Nc6 3. Bb5 a6 4. Ba4 Nf6 5. O-O Nxe4 6. d4 b5 7. Bb3 d5 8. dxe5
Be6 9. Nbd2 Nc5 10. c3 Be7 11. Bc2 O-O 12. Nb3 Bg4 13. Re1 Ne6 14. Qd3 g6 15.
Nbd4 Ncxd4 16. Nxd4 Nxd4 17. Qxd4 Be6 18. f4 1/2-1/2

[Event "Cambridge Int Open 2023"]
[Site "Cambridge ENG"]
[Date "2023.02.16"]
[Round "4.21"]
[White "Fava, Lorenzo"]
[Black "Adams, Henry"]
[Result "1-0"]
[WhiteElo "2089"]
[BlackElo "1738"]
[WhiteFideId "2837434"]
[BlackFideId "464562"]
[EventDate "2023.02.15"]

1. d4 Nf6 2. Bg5 d5 3. Nd2 Nbd7 4. e3 e6 5. Bd3 Bd6 6. f4 O-O 7. Ngf3 c5 8. c3
b6 9. Ne5 Qc7 10. O-O Bb7 11. Qf3 Rfe8 12. Qg3 a6 13. Nxd7 Nxd7 14. Bh6 Bf8 15.
Bg5 Bc6 16. Rf3 g6 17. Qh4 Bg7 18. Rh3 Nf8 19. Nf3 cxd4 20. exd4 b5 21. Ne5 a5
22. Bf6 Rec8 23. Ng4 1-0

[Event "Cambridge Int Open 2023"]
[Site "Cambridge ENG"]
[Date "2023.02.16"]
[Round "4.22"]
[White "Waller, Dan"]
[Black "Liu, Tianyi (Jack)"]
[Result "1/2-1/2"]
[WhiteElo "2117"]
[BlackElo "1865"]
[WhiteFideId "451053"]
[BlackFideId "8627894"]
[EventDate "2023.02.15"]

1. e4 c5 2. Nf3 e6 3. d4 cxd4 4. Nxd4 Nc6 5. Nc3 Qc7 6. Be3 a6 7. Qf3 Nf6 8. Be2
Ne5 9. Qg3 h5 10. h3 h4 11. Qh2 Bb4 12. O-O Bxc3 13. bxc3 d6 14. Qf4 Ng6 15. Qf3
Ne5 16. Qf4 Ng6 17. Qf3 Qxc3 18. Rab1 Nd7 19. Bd1 Qc7 20. Qe2 Nc5 21. Bd2 Bd7
22. c4 Bc6 23. Bc2 e5 24. Nf5 Kf8 25. Rfd1 Rd8 26. Qe3 b6 27. Bb4 Ne7 28. Rd2
Kg8 29. Rbd1 Nxf5 30. exf5 Rh6 31. Bxc5 bxc5 32. f6 Rxf6 33. Qxe5 Re8 34. Qg5
Rh6 35. Qf4 Rd8 36. Be4 Qb7 37. Bxc6 Qxc6 38. Kh2 Qd7 39. Rd5 Qe7 40. R1d2 a5
41. Qf3 Re6 42. Qd3 Qf6 43. Rf5 Qg6 44. Qf3 Rf6 45. Rdd5 Rxf5 46. Rxf5 Re8 47.
Rf4 Qg5 48. Rf5 Qe7 49. Qf4 Qe4 50. Rxf7 Qxf4+ 51. Rxf4 Re2 52. Rxh4 Rxf2 53.
Re4 Rxa2 54. Re7 a4 55. Rd7 Rd2 56. Ra7 Ra2 57. Ra6 a3 58. Rxd6 Rc2 59. Ra6 a2
60. Kg3 Kf7 61. Kf3 Ke7 62. g4 Rc3+ 63. Kg2 Rc2+ 64. Kf3 Rc3+ 65. Kg2 Rc2+ 1/2-1/2

[Event "Cambridge Int Open 2023"]
[Site "Cambridge ENG"]
[Date "2023.02.16"]
[Round "4.23"]
[White "OShea, Colm"]
[Black "Pert, Nina"]
[Result "0-1"]
[BlackTitle "WCM"]
[WhiteElo "1677"]
[BlackElo "2009"]
[WhiteFideId "449660"]
[BlackFideId "456853"]
[EventDate "2023.02.15"]

1. e4 e6 2. d4 d5 3. Nd2 Be7 4. e5 c5 5. Qg4 Bf8 6. c3 Nh6 7. Qh5 cxd4 8. cxd4
Nc6 9. Ngf3 Qb6 10. Bd3 Nxd4 11. O-O Bd7 12. Rd1 Nhf5 13. Nxd4 Nxd4 14. Nf3 Bc5
15. Ng5 g6 16. Qh6 Bf8 17. Qh3 Nc6 18. Be3 d4 19. Bf4 Bg7 20. Qg3 Qa5 21. Re1
Nb4 22. Ne4 Bc6 23. Nd6+ Kf8 24. a3 Nxd3 25. Qxd3 Qd5 26. f3 h5 27. Rad1 g5 28.
Bxg5 Bxe5 29. Ne4 Bg7 30. Bf6 e5 31. Bxg7+ Kxg7 32. h4 f6 33. Ng3 Kf7 34. b4 a5
35. Rc1 axb4 36. axb4 Ra2 37. Rc5 Qe6 38. b5 Bd7 39. Rec1 Kf8 40. Qg6 Rg8 41.
Qh6+ Ke7 42. Qh7+ Kd8 43. Kh2 Qh3+ 0-1

[Event "Cambridge Int Open 2023"]
[Site "Cambridge ENG"]
[Date "2023.02.16"]
[Round "4.24"]
[White "Itgelt, Khuyagtsogt"]
[Black "Sefton, Adam"]
[Result "1-0"]
[WhiteElo "2158"]
[BlackElo "1529"]
[WhiteFideId "4902912"]
[BlackFideId "343400965"]
[EventDate "2023.02.15"]

1. d4 e6 2. Nf3 f5 3. g3 Nf6 4. Bg2 Be7 5. c4 d6 6. Nc3 Nbd7 7. Qc2 h6 8. d5
exd5 9. Nd4 Nc5 10. cxd5 g6 11. b4 Na6 12. a3 O-O 13. Bxh6 Rf7 14. Bd2 Ng4 15.
h3 Ne5 16. Ncb5 g5 17. Ne6 Bxe6 18. dxe6 Rf6 19. Bxb7 Rb8 20. Bxa6 Rb6 21. Bxg5
Rxe6 22. Nd4 Qa8 23. O-O Rg6 24. Bxe7 Qd5 25. Qa2 Qxa2 26. Rxa2 Rxa6 27. Nxf5
Kf7 28. Bh4 Ke6 29. Nd4+ Kd5 30. Rd1 c5 31. Nf3+ 1-0

[Event "Cambridge Int Open 2023"]
[Site "Cambridge ENG"]
[Date "2023.02.16"]
[Round "4.25"]
[White "Golsta, Ramona"]
[Black "Krivenko, Dion"]
[Result "1/2-1/2"]
[WhiteElo "1777"]
[BlackElo "2155"]
[WhiteFideId "11607394"]
[BlackFideId "4508378"]
[EventDate "2023.02.15"]

1. d4 Nf6 2. c4 g6 3. Nc3 Bg7 4. e4 d6 5. f3 O-O 6. Be3 a6 7. Bd3 Nbd7 8. Nge2
c6 9. O-O b5 10. cxb5 axb5 11. Qd2 e5 12. a3 Re8 13. Rac1 Rb8 14. Na2 c5 15.
dxc5 dxc5 16. b3 Ba6 17. Kh1 Qe7 18. Qa5 Qe6 19. Bxc5 Qxb3 20. Nb4 Nxc5 21. Rxc5
Bf8 22. Nc1 Qa4 23. Qxa4 bxa4 24. Nxa6 Bxc5 25. Nxc5 Red8 26. Nxa4 Ra8 27. Bc2
Rd2 28. Bb3 Rb8 29. Kg1 1/2-1/2

[Event "Cambridge Int Open 2023"]
[Site "Cambridge ENG"]
[Date "2023.02.16"]
[Round "4.27"]
[White "Adams, George"]
[Black "Kovalskyi, Roman"]
[Result "0-1"]
[WhiteElo "1494"]
[BlackElo "2111"]
[WhiteFideId "487643"]
[BlackFideId "14184214"]
[EventDate "2023.02.15"]

1. d4 d5 2. Nf3 Nf6 3. Bf4 c5 4. e3 Nc6 5. c3 g6 6. Bd3 Bg7 7. h3 O-O 8. O-O Re8
9. Ne5 Nd7 10. Nxc6 bxc6 11. Nd2 cxd4 12. exd4 e5 13. Be3 a5 14. Qa4 Nb6 15. Qc2
Bb7 16. dxe5 Bxe5 17. Nb3 Bc7 18. Nc5 Qd6 19. g3 Bc8 20. Rfe1 Rxe3 21. Rxe3 Qxc5
22. h4 Bg4 23. Rae1 Nc4 24. Re8+ Rxe8 25. Rxe8+ Kg7 26. Kg2 Ne5 27. Be2 Bd7 28.
Ra8 Bb6 29. Bd1 Nd3 0-1

[Event "Cambridge Int Open 2023"]
[Site "Cambridge ENG"]
[Date "2023.02.16"]
[Round "4.28"]
[White "Senior, Gary"]
[Black "Rida, Ruqayyah"]
[Result "1/2-1/2"]
[WhiteElo "2086"]
[BlackElo "1669"]
[WhiteFideId "470937"]
[BlackFideId "343272375"]
[EventDate "2023.02.15"]

1. e4 e5 2. Nc3 Nf6 3. g3 Nc6 4. Bg2 Bc5 5. Nge2 d6 6. Na4 Bb6 7. Nxb6 axb6 8.
d4 exd4 9. Nxd4 Bd7 10. O-O O-O 11. b3 Re8 12. Re1 d5 13. Nxc6 Bxc6 14. e5 Ne4
15. Bb2 Qe7 16. c4 Rad8 17. Qg4 Nc5 18. Rad1 dxc4 19. Bxc6 bxc6 20. Qxc4 Qe6 21.
Qxe6 fxe6 22. Bd4 Na6 23. Bc3 Rd5 24. Rxd5 cxd5 25. b4 c5 26. bxc5 bxc5 27. Rb1
d4 28. Ba5 Nb8 29. Bb6 Rc8 30. Bxc5 Rxc5 31. Rxb8+ Kf7 32. Rd8 Rc4 33. Rd7+ Kg6
34. g4 Kg5 35. Rd6 Kf4 36. Rxe6 Kf3 37. h3 d3 38. Rd6 Ke2 39. Kg2 d2 40. f3 d1=Q
41. Rxd1 Kxd1 42. Kg3 g5 43. h4 h6 44. hxg5 hxg5 45. e6 Rc6 46. f4 Rc3+ 47. Kf2
gxf4 48. a4 Re3 49. a5 Kd2 50. g5 Kd3 51. a6 Rxe6 52. Kf3 Kd4 53. Kxf4 Rxa6 54.
Kf5 Ra1 55. g6 Rf1+ 56. Ke6 Rg1 57. Kf7 Ke5 58. g7 Rf1+ 1/2-1/2

[Event "Cambridge Int Open 2023"]
[Site "Cambridge ENG"]
[Date "2023.02.16"]
[Round "4.29"]
[White "Pousada Garcia, Daniel"]
[Black "Gonzales, Ceferino"]
[Result "1-0"]
[WhiteElo "2077"]
[BlackElo "1509"]
[WhiteFideId "2278642"]
[BlackFideId "5219590"]
[EventDate "2023.02.15"]

1. e4 Nf6 2. e5 Nd5 3. c4 Nb6 4. d4 d6 5. f4 g6 6. Be3 Bg7 7. Nc3 O-O 8. Be2 Na6
9. c5 Nd7 10. cxd6 cxd6 11. Nf3 dxe5 12. fxe5 b6 13. O-O Bb7 14. Qb3 Nc7 15. Ng5
e6 16. Nge4 Nd5 17. Bg5 Nxc3 18. bxc3 Qb8 19. Nd6 Bd5 20. c4 Bc6 21. Be7 Re8 22.
Nxe8 Qxe8 23. Bd6 f6 24. d5 exd5 25. cxd5 Bb7 26. e6 f5 27. Bb5 Bxa1 28. Rxa1 1-0

[Event "Cambridge Int Open 2023"]
[Site "Cambridge ENG"]
[Date "2023.02.16"]
[Round "4.30"]
[White "Kemp, Paul R"]
[Black "Palucha, Szymon"]
[Result "1/2-1/2"]
[WhiteElo "1984"]
[BlackElo "1980"]
[WhiteFideId "415251"]
[BlackFideId "430005"]
[EventDate "2023.02.15"]

1. e4 c5 2. c3 d5 3. exd5 Qxd5 4. d4 Nf6 5. Nf3 Bg4 6. Be2 e6 7. O-O Nc6 8. h3
Bh5 9. Be3 cxd4 10. cxd4 Be7 11. Nc3 Qd6 12. Qb3 O-O 13. Rfd1 Rfd8 14. Rac1 Qb4
15. Qxb4 Nxb4 16. g4 Bg6 17. Ne5 Nfd5 18. Nxg6 hxg6 19. Bf3 Bf6 20. a3 Nxc3 21.
bxc3 Nd5 22. c4 Nxe3 23. fxe3 Rab8 24. c5 Ra8 1/2-1/2

[Event "Cambridge Int Open 2023"]
[Site "Cambridge ENG"]
[Date "2023.02.16"]
[Round "4.31"]
[White "Nawalaniec, Adam"]
[Black "Zhu, Pengxiao"]
[Result "1-0"]
[WhiteElo "1753"]
[BlackElo "1437"]
[WhiteFideId "21023786"]
[BlackFideId "499307"]
[EventDate "2023.02.15"]

1. e4 e5 2. Nf3 Nc6 3. Bc4 Nf6 4. d3 h6 5. O-O d6 6. c3 Be6 7. Bxe6 fxe6 8. b4
a6 9. a4 g5 10. Qb3 Qd7 11. Bb2 d5 12. b5 Na5 13. Qc2 Bd6 14. c4 d4 15. c5 g4
16. Nh4 Be7 17. Ng6 Rg8 18. Nxe5 Qd8 19. Nd2 Nh5 20. f4 gxf3 21. Ndxf3 Bg5 22.
Bxd4 Nf4 23. Kh1 Bf6 24. Qd2 Bg5 25. Qxa5 Nxg2 26. Nxg5 Qxg5 27. Qxc7 Qe7 28.
Qxe7+ Kxe7 29. Rf7+ Kd8 30. Rxb7 axb5 31. Nf7+ Kc8 32. Nd6+ Kd8 33. Bf6# 1-0

[Event "Cambridge Int Open 2023"]
[Site "Cambridge ENG"]
[Date "2023.02.16"]
[Round "4.34"]
[White "Murawski, Jan"]
[Black "Hutchinson, Norman A"]
[Result "0-1"]
[WhiteElo "1708"]
[BlackElo "1974"]
[WhiteFideId "21009287"]
[BlackFideId "411540"]
[EventDate "2023.02.15"]

1. d4 Nf6 2. c4 e6 3. Nc3 Bb4 4. g3 O-O 5. Bg2 d5 6. Qb3 Nc6 7. Nf3 dxc4 8. Qxc4
Nd5 9. O-O Nxc3 10. bxc3 Be7 11. e4 Na5 12. Qb5 b6 13. Qh5 Qe8 14. e5 Bb7 15.
Ng5 h6 16. Bxb7 Nxb7 17. Ne4 f5 18. Qxe8 Raxe8 19. Nd2 c5 20. Nf3 Na5 21. dxc5
Bxc5 22. Nd4 Nc4 23. Re1 Rf7 24. Nb3 Bf8 25. a4 Rd7 26. Nd4 Kf7 27. h4 Rc8 28.
Bf4 Rd5 29. Rab1 a6 30. Rbd1 Nb2 31. Ra1 Rxc3 32. Be3 Bc5 33. Ne2 Rc4 34. a5
Bxe3 35. axb6 Bxb6 36. Reb1 Rb5 37. Rxa6 Rc2 38. Kf1 Bxf2 39. Kxf2 Rxe5 40. Ra2
Nd3+ 0-1

[Event "Cambridge Int Open 2023"]
[Site "Cambridge ENG"]
[Date "2023.02.16"]
[Round "4.35"]
[White "Moni, Claudio"]
[Black "Banerjee, Supratit"]
[Result "0-1"]
[WhiteElo "1562"]
[BlackElo "1740"]
[WhiteFideId "487465"]
[BlackFideId "2410079"]
[EventDate "2023.02.15"]

1. Nf3 d5 2. g3 e6 3. Bg2 b6 4. c4 Bb7 5. cxd5 exd5 6. d4 Nf6 7. O-O Bd6 8. Nc3
O-O 9. Bg5 Nbd7 10. Nb5 Be7 11. Bf4 a6 12. Bxc7 Qc8 13. Bd6 Bxd6 14. Nxd6 Qb8
15. Nxb7 Qxb7 16. Ne5 Rfe8 17. Nxd7 Qxd7 18. e3 Rac8 19. Qd2 Rc7 20. Rfc1 Rec8
21. Rxc7 Qxc7 22. f3 h6 23. Rd1 Qe7 24. Rc1 Re8 25. Kf2 Qe6 26. Rc3 Qf5 27. Ke2
Qh5 28. g4 Qxh2 29. Kf1 Re6 30. Rc8+ Kh7 31. Qd3+ g6 32. Rc7 Qxc7 0-1

[Event "Cambridge Int Open 2023"]
[Site "Cambridge ENG"]
[Date "2023.02.16"]
[Round "4.36"]
[White "Rastogi, Nayan Keats"]
[Black "Volovich, Julia"]
[Result "0-1"]
[WhiteElo "1421"]
[BlackElo "1830"]
[WhiteFideId "343407579"]
[BlackFideId "447099"]
[EventDate "2023.02.15"]

1. e4 e6 2. d4 d5 3. e5 c5 4. c3 Nc6 5. Nf3 Bd7 6. Be2 Nge7 7. Na3 cxd4 8. cxd4
Qb6 9. O-O Nf5 10. Nc2 Rc8 11. g4 Nfe7 12. Rb1 Na5 13. Bd2 Ng6 14. h4 h5 15. g5
Bb5 16. Bxa5 Qxa5 17. Bxb5+ Qxb5 18. Ne3 Be7 19. Ng2 Kd7 20. Qd2 Bb4 21. Qe3 Rc4
22. Rfc1 Rhc8 23. a3 Ba5 24. b4 Bb6 25. Nf4 Ne7 26. Rxc4 Qxc4 27. Qb3 Nf5 28.
Nxh5 Qxb3 29. Rxb3 Nxd4 30. Rd3 Nf5 31. Nf4 Rc2 32. Nh3 g6 33. Nd2 Nxh4 34. Ne4
Nf5 35. Rc3 Rxc3 36. Nxc3 a6 37. Nb1 Bd4 38. Kg2 Bxe5 39. f4 Bb2 40. a4 Ne3+ 41.
Kf3 Nc2 42. Nf2 Nxb4 43. Ng4 Nd3 44. Ke3 Nc5 45. a5 Nb3 46. Ne5+ Bxe5 47. fxe5
Nxa5 48. Kd4 Nc6+ 49. Kc5 Nxe5 50. Nd2 b5 51. Kb6 Nc4+ 52. Kxa6 Nxd2 53. Kxb5
Ne4 54. Kb4 Nxg5 55. Kc5 Ne4+ 56. Kd4 Kd6 57. Ke3 Ke5 58. Kd3 Nc5+ 59. Ke3 d4+
60. Kd2 Ke4 61. Ke2 d3+ 62. Kd2 Kd4 63. Kd1 Ke3 64. Ke1 g5 65. Kd1 d2 66. Kc2
Ke2 67. Kb2 d1=Q 68. Ka2 Qb3+ 69. Ka1 Qb4 70. Ka2 Kd2 71. Ka1 Kc2 72. Ka2 Qb2# 0-1

[Event "Cambridge Int Open 2023"]
[Site "Cambridge ENG"]
[Date "2023.02.16"]
[Round "4.37"]
[White "Catabay, Mae Katelyn Rose"]
[Black "Hutchinson, Paul A"]
[Result "1-0"]
[WhiteElo "1525"]
[BlackElo "2070"]
[WhiteFideId "484768"]
[BlackFideId "411558"]
[EventDate "2023.02.15"]

1. d4 d5 2. c4 e6 3. Nf3 Nf6 4. g3 c6 5. Bg2 dxc4 6. Nc3 Bb4 7. O-O Bxc3 8. bxc3
Qa5 9. Qc2 Nbd7 10. e4 h6 11. Be3 O-O 12. Nd2 b5 13. f4 Bb7 14. a4 Qc7 15. a5 a6
16. Bf3 c5 17. h3 Nh7 18. g4 Rae8 19. Rf2 f6 20. Bg2 cxd4 21. cxd4 e5 22. Qc3
Rc8 23. Raf1 exd4 24. Bxd4 Nc5 25. Re2 Na4 26. Qb4 Rfd8 27. Nf3 c3 28. e5 Bd5
29. Rfe1 Qc4 30. Qxc4 Rxc4 31. e6 c2 32. e7 Re8 33. Rc1 Nc3 34. Bxc3 Rxc3 35.
Nd4 Bxg2 36. Kxg2 g6 37. f5 Ng5 38. fxg6 Nxh3 39. Rexc2 Nf4+ 40. Kf2 Rxc2+ 41.
Rxc2 Rxe7 42. Rc8+ Kg7 43. Nf5+ Kxg6 44. Nxe7+ Kf7 45. Nf5 Nd3+ 46. Ke3 Nb4 47.
Nxh6+ Ke6 48. Kd4 Kd7 49. Rf8 Nc6+ 50. Kc5 Nxa5 51. Ra8 Nb7+ 52. Kb6 Nd6 53.
Kxa6 Kc6 1-0

[Event "Cambridge Int Open 2023"]
[Site "Cambridge ENG"]
[Date "2023.02.16"]
[Round "4.39"]
[White "Gibbs, Dominic V"]
[Black "Berkley, Stephen W"]
[Result "0-1"]
[WhiteElo "1863"]
[BlackElo "1615"]
[WhiteFideId "412090"]
[BlackFideId "486850"]
[EventDate "2023.02.15"]

1. e4 e6 2. Nf3 b6 3. d4 Bb7 4. Bd3 c5 5. c3 Nf6 6. e5 Nd5 7. O-O cxd4 8. Nxd4
Nc6 9. Nf3 d6 10. Qe2 dxe5 11. Nxe5 Bd6 12. Bb5 Qc7 13. Nxc6 Bxc6 14. Bxc6+ Qxc6
15. c4 Nf4 16. Bxf4 Bxf4 17. Nc3 O-O 18. g3 Bd6 19. b3 Be7 20. Rfd1 Bf6 21. Rac1
Bxc3 22. Rxc3 Rfd8 23. Rcd3 Rxd3 24. Qxd3 g6 25. Qd7 Qf3 26. Rd3 Qe2 27. Rd2 Qe4
28. Qd4 Qc6 29. Rd3 a5 30. f3 a4 31. Qd6 Rc8 32. Qxc6 Rxc6 33. Rd8+ Kg7 34. Rb8
Rd6 35. b4 Rc6 36. c5 bxc5 37. b5 Rd6 38. b6 Rd1+ 39. Kf2 Rd2+ 40. Ke3 Rxa2 41.
Ra8 Rb2 42. Rxa4 Rxb6 43. f4 Rc6 44. Kd3 Rd6+ 45. Kc3 Rd5 46. Ra7 h6 47. Rc7 Rd1
48. Kc2 Rh1 49. Rxc5 Rxh2+ 50. Kd1 Rh3 51. Rc3 h5 0-1

[Event "Cambridge Int Open 2023"]
[Site "Cambridge ENG"]
[Date "2023.02.16"]
[Round "4.40"]
[White "Smart, Michael R"]
[Black "Turner, David J"]
[Result "1/2-1/2"]
[WhiteElo "1957"]
[BlackElo "1762"]
[WhiteFideId "411370"]
[BlackFideId "419737"]
[EventDate "2023.02.15"]

1. e4 d6 2. d4 Nf6 3. Nc3 Nbd7 4. Bc4 e5 5. Nf3 Be7 6. O-O h6 7. h3 c6 8. dxe5
dxe5 9. Qe2 Qc7 10. a4 g5 11. Nh2 Nf8 12. Be3 Ng6 13. Rad1 Rh7 14. f3 Nh5 15.
Qf2 Nhf4 16. Bxa7 Bxh3 17. Bb6 Qb8 18. g3 Bxf1 19. Qxf1 Nh5 20. Qh3 Nf6 21. Nf1
Qc8 22. Qg2 g4 23. Ne3 gxf3 24. Qxf3 Qh3 25. Nf5 Ng4 26. Nxe7 Nxe7 27. Be2 h5
28. Qg2 Qxg2+ 29. Kxg2 Ng8 30. a5 N8f6 31. b4 Kf8 32. b5 Kg7 33. bxc6 bxc6 34.
Rd6 h4 35. gxh4 Rxh4 36. Rxc6 Rah8 37. Bg1 Nh5 38. Nd5 Ngf6 1/2-1/2

[Event "Cambridge Int Open 2023"]
[Site "Cambridge ENG"]
[Date "2023.02.16"]
[Round "4.41"]
[White "Soulier, Alfred"]
[Black "Chantrell, Paul"]
[Result "1-0"]
[WhiteElo "1722"]
[BlackElo "1572"]
[WhiteFideId "486264"]
[BlackFideId "451967"]
[EventDate "2023.02.15"]

1. e4 e5 2. Nf3 Nc6 3. Bc4 Bc5 4. O-O Nf6 5. d4 exd4 6. e5 d5 7. exf6 dxc4 8.
fxg7 Rg8 9. Re1+ Be6 10. Bg5 Be7 11. Bxe7 Qxe7 12. Nxd4 O-O-O 13. Nxc6 bxc6 14.
Qe2 Rxg7 15. g3 Qg5 16. Na3 Qg4 17. Qxg4 Rxg4 18. f4 Bd5 19. Re5 Rgg8 20. Rae1
Kd7 21. Rd1 Kc8 22. Kf2 Kb7 23. c3 a5 24. Nc2 Kb6 25. Ne3 Be6 26. f5 Rxd1 27.
Nxd1 Bd5 28. Re7 Kc5 29. Rxc7 Rb8 30. Re7 Kd6 31. Re2 f6 32. Re3 a4 33. a3 h5
34. Ke1 h4 35. g4 Rg8 36. h3 Rb8 37. Kd2 Rd8 38. Kc2 Kd7 39. Nf2 Re8 40. Kd2 Rb8
41. Kc2 Re8 42. Rxe8 Kxe8 43. Kd2 Kd7 44. Ke3 Kd6 45. Kf4 Bg2 46. g5 fxg5+ 47.
Kxg5 Ke5 48. f6 Ke6 49. Kg6 Bd5 50. Kg7 Kf5 51. f7 Bxf7 52. Kxf7 Kf4 53. Ng4 Kg3
54. Ne5 Kxh3 55. Nf3 Kg3 56. Nxh4 Kf2 57. Ke6 Ke2 58. Kd6 Kd3 59. Kxc6 Kc2 60.
Kb5 Kxb2 61. Kb4 1-0

[Event "Cambridge Int Open 2023"]
[Site "Cambridge ENG"]
[Date "2023.02.16"]
[Round "4.42"]
[White "Keerthi Kumar, Advait"]
[Black "Norris, Anthony"]
[Result "1/2-1/2"]
[WhiteElo "1483"]
[BlackElo "1917"]
[WhiteFideId "498033"]
[BlackFideId "2077779"]
[EventDate "2023.02.15"]

1. e4 c5 2. Nf3 g6 3. d4 cxd4 4. Nxd4 Nc6 5. c4 d6 6. Nc3 Nf6 7. Be3 Bg7 8. f3
O-O 9. Be2 Nxd4 10. Bxd4 Nd7 11. Bxg7 Kxg7 12. Qd4+ Kg8 13. O-O Qb6 14. Qxb6
Nxb6 15. b3 Be6 16. Rfd1 f5 17. Nb5 Rfc8 18. Nd4 Kf7 19. exf5 Bxf5 20. f4 Be4
21. Bf3 Bxf3 22. Nxf3 Nd7 23. Rd2 a5 24. Re1 h6 25. Ne5+ Nxe5 26. fxe5 Rd8 27.
exd6 Rxd6 28. Rf2+ Rf6 29. Rfe2 Re8 30. a4 1/2-1/2

[Event "Cambridge Int Open 2023"]
[Site "Cambridge ENG"]
[Date "2023.02.16"]
[Round "4.43"]
[White "Gamal, Alaa"]
[Black "Hariharan, Shambavi"]
[Result "1-0"]
[WhiteElo "1725"]
[BlackElo "1491"]
[WhiteFideId "469114"]
[BlackFideId "488160"]
[EventDate "2023.02.15"]

1. c4 c6 2. e4 d5 3. cxd5 cxd5 4. exd5 Nf6 5. Bb5+ Bd7 6. Bc4 Qc7 7. Bb3 g6 8.
Nc3 Bg7 9. Nf3 O-O 10. O-O a5 11. a3 Na6 12. d4 b5 13. Bg5 Qd6 14. Re1 Nc7 15.
Bxf6 exf6 16. Ne4 Qb6 17. Rc1 Bf5 18. Rc6 Qb8 19. Qc1 Ra7 20. Nc5 Rd8 21. d6 Ne8
22. Na6 Qb7 23. Re7 Bd7 24. Bxf7+ Kh8 25. Bxe8 Qxc6 26. Qxc6 Bxc6 27. Rxa7 Bxe8
28. Nc7 Bd7 29. Rxa5 Rb8 30. Nd5 Rc8 31. h3 Bf8 32. Nxf6 Bxd6 33. Ne5 Be6 34.
Rxb5 Kg7 35. Nfg4 h5 36. Rb7+ Kg8 37. Nf6+ 1-0